00483cam a22001935a 45000010009000000050017000090080041000260100017000670200015000840200018000990400013001170410008001300420008001380800016001460820016001621000007001781010008001852450096001932059545220180828042950.0180723s2013 xxu 000 0 eng  a 2011943654 a1111970610 a9781111970611 aDLCcDLC aeng apcc a330.101.262 2330.101.262 a52 aMIK00aMicroeconomics :cJames D. Gwartney, Richard Stroup, Russell S. Sobel, David A. Macpherson.